00415nam a22001457a 450000500170000002000180001704100120003508200160004710000220006324501340008525000070021926000240022630000080025036500110025820260618134734.0 a9788198758255 aEnglish aT16 R25 STE aStephen Jeyaseela aAangileya Mattrum French Kaalaniya Thamizhathil Ozhippadakkalai Arimugamum Ozhippadath Thoguppugalum Samuga Thaakkamum, 1852-1899 a01 aChennaibNCBHc2025 a156 b150.00